[Event "RE-2013-0-00124"]
[Site "LSS email"]
[Date "2013.09.24"]
[Round "?"]
[White "Winter, Malcolm J"]
[Black "De Wolf, Michiel"]
[Result "1-0"]
[WhiteElo "1342"]
[BlackElo "1031"]
[PlyCount "23"]
[EventDate "2013.08.24"]
[EventType "tourn (corr)"]
[EventRounds "6"]
[EventCountry "GER"]
[SourceTitle "Corr 2015"]
[Source "ChessBase"]
[SourceDate "2015.07.17"]
[SourceVersion "1"]
[SourceVersionDate "2015.07.17"]
[SourceQuality "1"]

1. d4 d5 2. Nf3 e6 3. c4 Nf6 4. cxd5 exd5 5. Nc3 Bb4 6. a3 Bxc3+ 7. bxc3 0-0 8. Bg5 Be6 9. Qb3 b6 10. e3 Nc6 11. Bd3 Ne4 12. Bxd8 1-0

[Event "RE-2013-0-00124"]
[Site "LSS email"]
[Date "2013.09.23"]
[Round "?"]
[White "De Wolf, Michiel"]
[Black "Perez Garcia, Miguel"]
[Result "0-1"]
[WhiteElo "1031"]
[BlackElo "1025"]
[PlyCount "62"]
[EventDate "2013.08.24"]
[EventType "tourn (corr)"]
[EventRounds "6"]
[EventCountry "GER"]
[SourceTitle "Telechess CBM 163"]
[Source "ChessBase"]
[SourceDate "2014.11.11"]
[SourceVersion "2"]
[SourceVersionDate "2014.11.11"]
[SourceQuality "1"]

1. d4 d5 2. c4 e6 3. Nc3 Nf6 4. Bg5 c6 5. e3 Nbd7 6. Nf3 Qa5 7. Be2 Bb4 8. Qc2 Ne4 9. 0-0 Bxc3 10. bxc3 Qxc3 11. Qxc3 Nxc3 12. Bd3 dxc4 13. Bxc4 Ne4 14. Rab1 Nxg5 15. Nxg5 Nf6 16. Rfc1 h6 17. Nf3 0-0 18. Ne5 Nd7 19. Nxd7 Bxd7 20. Rxb7 Rfd8 21. Rcb1 a5 22. a4 c5 23. dxc5 Bxa4 24. Bb5 Bxb5 25. R7xb5 a4 26. c6 Rdc8 27. Rc1 Kf8 28. c7 a3 29. Rbc5 Ke7 30. h3 Ra7 31. R1c3 a2 0-1

[Event "RE-2013-0-00124"]
[Site "LSS email"]
[Date "2013.09.21"]
[Round "?"]
[White "De Wolf, Michiel"]
[Black "Bieszk, Stanislaw"]
[Result "1-0"]
[WhiteElo "1031"]
[BlackElo "923"]
[PlyCount "63"]
[EventDate "2013.08.24"]
[EventType "tourn (corr)"]
[EventRounds "6"]
[EventCountry "GER"]
[SourceTitle "Telechess CBM 163"]
[Source "ChessBase"]
[SourceDate "2014.11.11"]
[SourceVersion "2"]
[SourceVersionDate "2014.11.11"]
[SourceQuality "1"]

1. d4 Nf6 2. c4 e6 3. Nf3 b6 4. Nc3 Bb7 5. Bg5 Bb4 6. a3 Bxc3+ 7. bxc3 0-0 8. e3 d5 9. cxd5 exd5 10. Be2 Nbd7 11. 0-0 h6 12. Bh4 Re8 13. Bg3 Ne4 14. Qd3 c5 15. Bd1 c4 16. Qb1 Bc6 17. Bc2 Ndf6 18. a4 Nxc3 19. Qb2 Ne2+ 20. Kh1 Nxg3+ 21. hxg3 a6 22. Ne5 Re6 23. Nxc6 Rxc6 24. f4 Re6 25. Qc3 Qe8 26. Rf3 b5 27. axb5 axb5 28. Rxa8 Qxa8 29. Qb4 Qa6 30. Qc5 Rc6 31. Qe7 b4 32. Qd8+ 1-0

[Event "OP-2013-0-03008"]
[Site "LSS email"]
[Date "2013.09.19"]
[Round "?"]
[White "De Wolf, Michiel"]
[Black "Celan, Melissa"]
[Result "0-1"]
[WhiteElo "1442"]
[BlackElo "1516"]
[PlyCount "36"]
[EventDate "2013.09.16"]
[EventType "tourn (corr)"]
[EventRounds "4"]
[EventCountry "GER"]
[SourceTitle "Corr 2022"]
[Source "ChessBase"]
[SourceDate "2021.10.24"]
[SourceVersion "1"]
[SourceVersionDate "2021.10.24"]
[SourceQuality "1"]

1. d4 c6 2. e4 d5 3. e5 Bf5 4. Nf3 e6 5. Be2 a6 6. 0-0 Nd7 7. Bg5 Qb6 8. b3 c5 9. c3 cxd4 10. cxd4 Rc8 11. Bd2 Ne7 12. Nc3 Nc6 13. Rc1 Ba3 14. Na4 Qa7 15. Rc3 b5 16. Nc5 Nxc5 17. dxc5 d4 18. Rc2 d3 0-1

[Event "RE-2012-0-00100"]
[Site "LSS email"]
[Date "2012.08.21"]
[Round "?"]
[White "Tittarelli, Adriano"]
[Black "De Wolf, Michiel"]
[Result "1-0"]
[WhiteElo "1173"]
[BlackElo "1036"]
[PlyCount "31"]
[EventDate "2012.05.14"]
[EventType "tourn (corr)"]
[EventRounds "6"]
[EventCountry "GER"]
[SourceTitle "Corr 2015"]
[Source "ChessBase"]
[SourceDate "2015.07.17"]
[SourceVersion "1"]
[SourceVersionDate "2015.07.17"]
[SourceQuality "1"]

1. d4 d5 2. Bf4 Nf6 3. e3 e6 4. Nf3 Nbd7 5. Bd3 c5 6. c3 c4 7. Bc2 Be7 8. Nbd2 0-0 9. h4 Nh5 10. Ng5 Nxf4 11. exf4 Nf6 12. Ndf3 h6 13. Ne5 hxg5 14. hxg5 Nd7 15. Rh8+ Kxh8 16. Qh5+ 1-0

[Event "RE-2012-0-00099"]
[Site "LSS email"]
[Date "2012.08.11"]
[Round "?"]
[White "De Wolf, Michiel"]
[Black "O'Brien, Glenn"]
[Result "0-1"]
[WhiteElo "1036"]
[BlackElo "1326"]
[PlyCount "35"]
[EventDate "2012.04.26"]
[EventType "tourn (corr)"]
[EventRounds "6"]
[EventCountry "GER"]
[SourceTitle "Corr 2015"]
[Source "ChessBase"]
[SourceDate "2015.07.17"]
[SourceVersion "1"]
[SourceVersionDate "2015.07.17"]
[SourceQuality "1"]

1. e4 e5 2. Nf3 Nc6 3. Bc4 Nf6 4. d4 exd4 5. Nxd4 Nxe4 6. 0-0 d5 7. Bb5 Bd7 8. Re1 Be7 9. c4 0-0 10. cxd5 Nxd4 11. Bxd7 Qxd7 12. Rxe4 Nf5 13. Nc3 Bf6 14. Bf4 Rfe8 15. Qf3 Nd4 16. Qd3 Rxe4 17. Qxe4 Re8 18. Qd3 0-1

[Event "RE-2012-0-00099"]
[Site "LSS email"]
[Date "2012.08.10"]
[Round "?"]
[White "De Wolf, Michiel"]
[Black "Kepinski, Janusz"]
[Result "0-1"]
[WhiteElo "1036"]
[BlackElo "1233"]
[PlyCount "35"]
[EventDate "2012.04.26"]
[EventType "tourn (corr)"]
[EventRounds "6"]
[EventCountry "GER"]
[SourceTitle "Corr 2015"]
[Source "ChessBase"]
[SourceDate "2015.07.17"]
[SourceVersion "1"]
[SourceVersionDate "2015.07.17"]
[SourceQuality "1"]

1. e4 e6 2. d4 d5 3. Nc3 Nf6 4. e5 Ne4 5. Nf3 Bb4 6. Bd3 c5 7. 0-0 Nxc3 8. bxc3 Bxc3 9. Rb1 cxd4 10. Nxd4 Bxd4 11. Bb5+ Bd7 12. Qxd4 0-0 13. Ba3 Re8 14. Bd3 Nc6 15. Qf4 Na5 16. Qg3 b6 17. Bc1 Qe7 18. Bg5 0-1

[Event "RE-2012-0-00099"]
[Site "LSS email"]
[Date "2012.08.10"]
[Round "?"]
[White "De Wolf, Michiel"]
[Black "Vogel, Helmut"]
[Result "0-1"]
[WhiteElo "1036"]
[BlackElo "1307"]
[PlyCount "47"]
[EventDate "2012.04.26"]
[EventType "tourn (corr)"]
[EventRounds "6"]
[EventCountry "GER"]
[SourceTitle "Telechess CBM 165"]
[Source "ChessBase"]
[SourceDate "2015.03.11"]
[SourceVersion "1"]
[SourceVersionDate "2015.03.11"]
[SourceQuality "1"]

1. e4 c5 2. d4 cxd4 3. c3 d5 4. exd5 Qxd5 5. cxd4 Nc6 6. Nf3 e5 7. Nc3 Bb4 8. Be3 exd4 9. Nxd4 Nge7 10. Be2 0-0 11. 0-0 Qa5 12. Ncb5 a6 13. Nxc6 bxc6 14. Nd6 Nd5 15. Nxc8 Nxe3 16. fxe3 Raxc8 17. Bc4 Bd2 18. Rf3 Rce8 19. Qb3 Kh8 20. Rd1 Bb4 21. Bxf7 Re7 22. Rdf1 g6 23. Bc4 Rxf3 24. Rxf3 0-1

[Event "RE-2012-0-00099"]
[Site "LSS email"]
[Date "2012.08.10"]
[Round "?"]
[White "Tittarelli, Adriano"]
[Black "De Wolf, Michiel"]
[Result "1-0"]
[WhiteElo "1173"]
[BlackElo "1036"]
[PlyCount "44"]
[EventDate "2012.04.26"]
[EventType "tourn (corr)"]
[EventRounds "6"]
[EventCountry "GER"]
[SourceTitle "Telechess CBM 165"]
[Source "ChessBase"]
[SourceDate "2015.03.11"]
[SourceVersion "1"]
[SourceVersionDate "2015.03.11"]
[SourceQuality "1"]

1. d4 d5 2. Bf4 Nc6 3. e3 e6 4. Nf3 Nf6 5. c3 Be7 6. Bd3 0-0 7. Nbd2 b6 8. h4 Bd6 9. Ne5 Bb7 10. Qf3 Ne7 11. g4 Nd7 12. g5 Bxe5 13. Bxe5 Nxe5 14. dxe5 c5 15. Qg4 d4 16. Be4 Bxe4 17. Nxe4 dxe3 18. Rd1 exf2+ 19. Kxf2 Qc7 20. Nf6+ Kh8 21. Rd6 gxf6 22. gxf6 Nf5 1-0

[Event "RF-2012-0-00122"]
[Site "LSS email"]
[Date "2012.07.09"]
[Round "?"]
[White "De Wolf, Michiel"]
[Black "Fridich, Vaclav Sr"]
[Result "0-1"]
[WhiteElo "1026"]
[BlackElo "1029"]
[PlyCount "82"]
[EventDate "2012.05.25"]
[EventType "tourn (corr)"]
[EventRounds "6"]
[EventCountry "GER"]
[SourceTitle "Telechess CBM 153"]
[Source "ChessBase"]
[SourceDate "2013.03.14"]
[SourceVersion "1"]
[SourceVersionDate "2013.03.14"]
[SourceQuality "1"]

1. e4 d5 2. exd5 Nf6 3. Nf3 Nxd5 4. Bc4 e6 5. c3 Bd6 6. d4 0-0 7. 0-0 Nc6 8. Qb3 Na5 9. Qc2 Nxc4 10. Ng5 Nf6 11. Nd2 Nxd2 12. Bxd2 b6 13. Rfe1 Bb7 14. Nf3 c5 15. dxc5 Bxc5 16. Rad1 Bxf3 17. gxf3 Qd5 18. Kg2 Qh5 19. Bf4 g5 20. Be5 Nd5 21. Qe4 Rad8 22. c4 Nf4+ 23. Bxf4 Rxd1 24. Rxd1 gxf4 25. Qxf4 Qg6+ 26. Qg4 f5 27. Qxg6+ hxg6 28. f4 a5 29. a4 Kg7 30. b3 Kf6 31. h3 Rh8 32. Rd7 Re8 33. Kg3 e5 34. fxe5+ Rxe5 35. Rd3 Re6 36. f4 Bd6 37. Kf3 Bc5 38. Kg3 Re1 39. Rf3 Re3 40. Rxe3 Bxe3 41. Kf3 Bc1 0-1

[Event "RF-2012-0-00122"]
[Site "LSS email"]
[Date "2012.07.06"]
[Round "?"]
[White "Feng, Jason"]
[Black "De Wolf, Michiel"]
[Result "0-1"]
[WhiteElo "955"]
[BlackElo "1026"]
[PlyCount "40"]
[EventDate "2012.05.25"]
[EventType "tourn (corr)"]
[EventRounds "6"]
[EventCountry "GER"]
[SourceTitle "Telechess CBM 153"]
[Source "ChessBase"]
[SourceDate "2013.03.14"]
[SourceVersion "1"]
[SourceVersionDate "2013.03.14"]
[SourceQuality "1"]

1. e4 e6 2. Nf3 c5 3. d4 cxd4 4. Nxd4 Nf6 5. Nc3 Bb4 6. Bd3 Bxc3+ 7. bxc3 0-0 8. Bg5 Nc6 9. Nxc6 bxc6 10. e5 Qa5 11. Bxf6 gxf6 12. exf6 Qxc3+ 13. Ke2 Qxf6 14. Kd2 Qxf2+ 15. Kc3 Rb8 16. Qg4+ Kh8 17. Raf1 Qc5+ 18. Kd2 Rg8 19. Qf4 Rxg2+ 20. Kd1 Rb1+ 0-1

[Event "OP-2012-0-02218"]
[Site "LSS email"]
[Date "2012.05.28"]
[Round "?"]
[White "Willmann, Bernd"]
[Black "De Wolf, Michiel"]
[Result "1/2-1/2"]
[WhiteElo "1620"]
[BlackElo "1026"]
[PlyCount "74"]
[EventDate "2012.05.25"]
[EventType "tourn (corr)"]
[EventRounds "4"]
[EventCountry "GER"]
[SourceTitle "Telechess CBM 153"]
[Source "ChessBase"]
[SourceDate "2013.03.14"]
[SourceVersion "1"]
[SourceVersionDate "2013.03.14"]
[SourceQuality "1"]

1. d4 d5 2. Nf3 Nf6 3. c4 e6 4. Nc3 Be7 5. Bg5 0-0 6. e3 Nbd7 7. Qc2 c5 8. cxd5 Nxd5 9. Bxe7 Qxe7 10. Nxd5 exd5 11. Be2 b6 12. 0-0 Nf6 13. dxc5 bxc5 14. Rac1 Ne4 15. Bd3 f5 16. b3 Be6 17. Ne5 Rfc8 18. f4 Rab8 19. Bxe4 fxe4 20. Qd2 Rc7 21. h3 Rf8 22. Qf2 Qd6 23. Rcd1 Rb7 24. Rc1 Rb5 25. g4 d4 26. Nc4 Bxc4 27. Rxc4 Re8 28. Rfc1 d3 29. Qb2 a6 30. Kg2 Qb6 31. g5 Rd8 32. Rxe4 Qc6 33. Qe5 d2 34. Rd1 c4 35. Qe6+ Qxe6 36. Rxe6 c3 37. Rc6 Rd3 1/2-1/2

[Event "SF-2012-0-00148"]
[Site "LSS email"]
[Date "2012.05.22"]
[Round "?"]
[White "De Wolf, Michiel"]
[Black "Shim Ng Min, Francis"]
[Result "1-0"]
[WhiteElo "1026"]
[BlackElo "1172"]
[PlyCount "55"]
[EventDate "2012.04.23"]
[EventType "tourn (corr)"]
[EventRounds "6"]
[EventCountry "GER"]
[SourceTitle "Telechess CBM 153"]
[Source "ChessBase"]
[SourceDate "2013.03.14"]
[SourceVersion "1"]
[SourceVersionDate "2013.03.14"]
[SourceQuality "1"]

1. e4 c5 2. d4 cxd4 3. c3 d5 4. exd5 Qxd5 5. cxd4 e6 6. Nc3 Qd8 7. Nf3 Nf6 8. Bb5+ Bd7 9. 0-0 Be7 10. Qe2 0-0 11. Rd1 Qb6 12. Bg5 Bxb5 13. Nxb5 Nc6 14. Rac1 a6 15. Nc3 Rfe8 16. Be3 Qa5 17. Nd2 Qh5 18. Qxh5 Nxh5 19. d5 exd5 20. Nxd5 Rac8 21. Nc4 Nf6 22. Nxf6+ Bxf6 23. Nd6 Bxb2 24. Rb1 Bf6 25. Nxc8 Rxc8 26. Rxb7 Rb8 27. Rxb8+ Nxb8 28. Rc1 1-0

[Event "SF-2012-0-00148"]
[Site "LSS email"]
[Date "2012.05.22"]
[Round "?"]
[White "Raines, David T"]
[Black "De Wolf, Michiel"]
[Result "0-1"]
[WhiteElo "1115"]
[BlackElo "1026"]
[PlyCount "38"]
[EventDate "2012.04.23"]
[EventType "tourn (corr)"]
[EventRounds "6"]
[EventCountry "GER"]
[SourceTitle "Telechess CBM 153"]
[Source "ChessBase"]
[SourceDate "2013.03.14"]
[SourceVersion "1"]
[SourceVersionDate "2013.03.14"]
[SourceQuality "1"]

1. Nf3 d5 2. c4 e6 3. g3 Nf6 4. Bg2 dxc4 5. Qa4+ Nbd7 6. Qxc4 Be7 7. d4 0-0 8. Nc3 Nb6 9. Qd3 c5 10. Be3 c4 11. Qc2 Nfd5 12. Bd2 Bd7 13. e4 Nb4 14. Qb1 Nd3+ 15. Kf1 f5 16. Ne1 fxe4 17. Bxe4 Rxf2+ 18. Kg1 Rxd2 19. Nxd3 Bc6 0-1

[Event "RN-2012-0-00482"]
[Site "LSS email"]
[Date "2012.05.18"]
[Round "?"]
[White "De Wolf, Michiel"]
[Black "Hughes, Chris"]
[Result "1-0"]
[WhiteElo "1195"]
[BlackElo "875"]
[PlyCount "45"]
[EventDate "2012.05.05"]
[EventType "tourn (corr)"]
[EventRounds "6"]
[EventCountry "GER"]
[SourceTitle "Telechess CBM 155"]
[Source "ChessBase"]
[SourceDate "2013.07.16"]
[SourceVersion "1"]
[SourceVersionDate "2013.07.16"]
[SourceQuality "1"]

1. e4 e6 2. d4 d5 3. e5 c5 4. c3 Nc6 5. Nf3 Bd7 6. Be2 f6 7. 0-0 fxe5 8. dxe5 Qc7 9. Re1 0-0-0 10. Bd3 h6 11. b4 cxb4 12. a3 bxc3 13. Nxc3 Nge7 14. Nb5 Qb6 15. Nd6+ Kb8 16. Rb1 Qc7 17. Nxb7 Ka8 18. Nxd8 Nxd8 19. Bd2 Nec6 20. Qc2 Bxa3 21. Ra1 Be7 22. Reb1 Nxe5 23. Qxc7 1-0

[Event "RN-2012-0-00482"]
[Site "LSS email"]
[Date "2012.05.18"]
[Round "?"]
[White "Secondi, Alberto"]
[Black "De Wolf, Michiel"]
[Result "0-1"]
[WhiteElo "635"]
[BlackElo "1195"]
[PlyCount "62"]
[EventDate "2012.05.05"]
[EventType "tourn (corr)"]
[EventRounds "6"]
[EventCountry "GER"]
[SourceTitle "Telechess CBM 153"]
[Source "ChessBase"]
[SourceDate "2013.03.14"]
[SourceVersion "1"]
[SourceVersionDate "2013.03.14"]
[SourceQuality "1"]

1. d4 d5 2. c4 e6 3. Nf3 Nf6 4. Nc3 Bb4 5. Bd2 c5 6. dxc5 Bxc5 7. cxd5 Nxd5 8. Nxd5 exd5 9. g3 0-0 10. Bg2 Qb6 11. 0-0 Qxb2 12. Qb1 Qxb1 13. Raxb1 Nc6 14. Bf4 b6 15. Rfd1 Bf5 16. Rb2 Rfd8 17. Rbd2 Be6 18. Ne5 Ne7 19. e4 d4 20. Nd3 Rac8 21. Nxc5 bxc5 22. Bf1 Ng6 23. Ba6 Nxf4 24. Bxc8 Nh3+ 25. Kg2 Rxc8 26. f4 Bg4 27. Rb1 g5 28. fxg5 Nxg5 29. Rb7 Bf3+ 30. Kg1 Bxe4 31. Rxa7 Nf3+ 0-1

[Event "LSS No Engine Cup 65 Preliminary 6"]
[Site "LSS email"]
[Date "2012.05.06"]
[Round "?"]
[White "De Wolf, Michiel"]
[Black "Zmolil, Karel"]
[Result "0-1"]
[WhiteElo "1026"]
[BlackElo "1157"]
[PlyCount "102"]
[EventDate "2012.05.07"]
[EventType "tourn (corr)"]
[EventRounds "6"]
[EventCountry "GER"]
[SourceTitle "Telechess CBM 153"]
[Source "ChessBase"]
[SourceDate "2013.03.14"]
[SourceVersion "1"]
[SourceVersionDate "2013.03.14"]
[SourceQuality "1"]

1. e4 e5 2. Nc3 Nf6 3. Bc4 Bc5 4. Nf3 d6 5. h3 0-0 6. d4 exd4 7. Nxd4 Bb4 8. Qe2 c5 9. Nf3 Nxe4 10. Qd3 Nxc3 11. bxc3 Ba5 12. 0-0 Qf6 13. Bb2 Bf5 14. Qd2 Nc6 15. Rfe1 Nd4 16. Nxd4 cxd4 17. Qe2 Qg6 18. Qd2 Qf6 19. Qd1 dxc3 20. Ba3 Rad8 21. Qd5 Bb6 22. Re2 Be6 23. Qe4 Bxc4 24. Qxc4 h6 25. Rd1 Rd7 26. Qd5 Rfd8 27. Rde1 Kh7 28. Bb4 Rc8 29. Rb1 Bc5 30. Qd3+ Qg6 31. Qxg6+ Kxg6 32. Bxc3 Bxf2+ 33. Kxf2 Rxc3 34. Rb3 Rxb3 35. cxb3 f5 36. Kf3 Kf6 37. Rd2 g5 38. g3 d5 39. g4 f4 40. Rd4 Ke5 41. Rd2 Re7 42. Re2+ Kd6 43. Rd2 Re3+ 44. Kg2 Ke5 45. Rf2 d4 46. b4 Ke4 47. a4 d3 48. a5 Re2 49. Rxe2+ dxe2 50. Kf2 Kd3 51. Ke1 Ke3 0-1

[Event "LSS No Engine Cup 65 Preliminary 6"]
[Site "LSS email"]
[Date "2012.05.06"]
[Round "?"]
[White "Lacunza, Mario"]
[Black "De Wolf, Michiel"]
[Result "1-0"]
[WhiteElo "1782"]
[BlackElo "1026"]
[PlyCount "49"]
[EventDate "2012.05.07"]
[EventType "tourn (corr)"]
[EventRounds "6"]
[EventCountry "GER"]
[SourceTitle "Telechess CBM 153"]
[Source "ChessBase"]
[SourceDate "2013.03.14"]
[SourceVersion "1"]
[SourceVersionDate "2013.03.14"]
[SourceQuality "1"]

1. d4 e6 2. c4 d5 3. Nc3 c5 4. cxd5 exd5 5. dxc5 d4 6. Na4 b5 7. e3 dxe3 8. Bxb5+ Bd7 9. Bxd7+ Nxd7 10. Bxe3 Qa5+ 11. Bd2 Qc7 12. Nf3 Bxc5 13. Rc1 Ne7 14. b4 Bxf2+ 15. Kxf2 Qd6 16. Re1 0-0 17. Bg5 Nd5 18. Be7 Qa6 19. Bxf8 Rxf8 20. Qxd5 Qxa4 21. Rc7 Nf6 22. Qa5 Qxa5 23. bxa5 Ra8 24. Ree7 Nd5 25. Rxa7 1-0

[Event "OP-2012-0-02185"]
[Site "LSS email"]
[Date "2012.05.06"]
[Round "?"]
[White "Ramazzotti, Carlo"]
[Black "De Wolf, Michiel"]
[Result "0-1"]
[WhiteElo "663"]
[BlackElo "1144"]
[PlyCount "50"]
[EventDate "2012.05.03"]
[EventType "tourn (corr)"]
[EventRounds "4"]
[EventCountry "GER"]
[SourceTitle "Corr 2015"]
[Source "ChessBase"]
[SourceDate "2015.07.17"]
[SourceVersion "1"]
[SourceVersionDate "2015.07.17"]
[SourceQuality "1"]

1. e4 e6 2. Bb5 Nf6 3. Nh3 Bc5 4. d3 c6 5. Ba4 Qa5+ 6. Bd2 Qxa4 7. Nc3 Qd4 8. 0-0 0-0 9. Qf3 Bb6 10. Qg3 Qb4 11. Bh6 Nh5 12. Qg4 Qxb2 13. Ne2 Qe5 14. Bf4 Nxf4 15. Nexf4 d5 16. Rae1 Qf6 17. Nh5 Qh6 18. Nxg7 Qxg7 19. Qf4 e5 20. Qf3 Re8 21. g3 Bxh3 22. exd5 cxd5 23. Qxd5 Nc6 24. Qd7 Bxd7 25. c4 Bh3 0-1

[Event "OP-2012-0-02185"]
[Site "LSS email"]
[Date "2012.05.06"]
[Round "?"]
[White "Willmann, Bernd"]
[Black "De Wolf, Michiel"]
[Result "1-0"]
[WhiteElo "1518"]
[BlackElo "1144"]
[PlyCount "99"]
[EventDate "2012.05.03"]
[EventType "tourn (corr)"]
[EventRounds "4"]
[EventCountry "GER"]
[SourceTitle "Corr 2015"]
[Source "ChessBase"]
[SourceDate "2015.07.17"]
[SourceVersion "1"]
[SourceVersionDate "2015.07.17"]
[SourceQuality "1"]

1. d4 e6 2. e4 d5 3. Nc3 Nf6 4. e5 Nfd7 5. f4 c5 6. Nf3 Nc6 7. Be3 Qb6 8. Na4 Qa5+ 9. c3 c4 10. b4 Qc7 11. Be2 Be7 12. 0-0 0-0 13. a3 f6 14. Qc2 b5 15. Nc5 Nxc5 16. bxc5 Bd7 17. Qd2 a6 18. exf6 Rxf6 19. Ne5 Raf8 20. Nxd7 Qxd7 21. g3 Na5 22. Rab1 Bd8 23. Bd1 Bc7 24. Bc2 Rb8 25. Rb2 Nc6 26. a4 bxa4 27. Bxa4 Rxb2 28. Qxb2 Bd8 29. Rb1 Rf7 30. Kg2 Qc8 31. h3 Ba5 32. Qa3 Bd8 33. Bc2 Qa8 34. g4 a5 35. Qb2 h6 36. Ba4 g6 37. Qb5 Rc7 38. f5 exf5 39. Bf4 Rc8 40. gxf5 gxf5 41. Re1 Qa7 42. Re6 Bg5 43. Bxg5 Qg7 44. h4 hxg5 45. h5 Qf7 46. Rxc6 Rxc6 47. Qb8+ Kh7 48. Bxc6 Qxh5 49. Qh2 Qxh2+ 50. Kxh2 1-0

[Event "SN-2012-0-00430"]
[Site "LSS email"]
[Date "2012.04.23"]
[Round "?"]
[White "Vontina, Maria"]
[Black "De Wolf, Michiel"]
[Result "0-1"]
[WhiteElo "725"]
[BlackElo "1195"]
[PlyCount "38"]
[EventDate "2012.03.15"]
[EventType "tourn (corr)"]
[EventRounds "6"]
[EventCountry "GER"]
[SourceTitle "Telechess CBM 153"]
[Source "ChessBase"]
[SourceDate "2013.03.14"]
[SourceVersion "1"]
[SourceVersionDate "2013.03.14"]
[SourceQuality "1"]

1. e4 e6 2. d4 d5 3. Nc3 Nf6 4. Bg5 Be7 5. e5 Nfd7 6. Bxe7 Qxe7 7. Nf3 c5 8. dxc5 Qxc5 9. Bb5 Nc6 10. Bxc6 bxc6 11. 0-0 0-0 12. Qe2 a5 13. a3 Ba6 14. Qd2 Bxf1 15. Kxf1 Rab8 16. Rb1 f6 17. exf6 Nxf6 18. Ne5 d4 19. Ne2 Qxe5 0-1

[Event "BI-2012-P-00008"]
[Site "LSS email"]
[Date "2012.04.20"]
[Round "?"]
[White "Albesa, Nahuel"]
[Black "De Wolf, Michiel"]
[Result "1-0"]
[WhiteElo "1385"]
[BlackElo "1036"]
[PlyCount "53"]
[EventDate "2012.04.22"]
[EventType "tourn (corr)"]
[EventRounds "10"]
[EventCountry "GER"]
[SourceTitle "Telechess CBM 165"]
[Source "ChessBase"]
[SourceDate "2015.03.11"]
[SourceVersion "1"]
[SourceVersionDate "2015.03.11"]
[SourceQuality "1"]

1. e4 e5 2. Nf3 Nc6 3. Bb5 a6 4. Bxc6 dxc6 5. 0-0 f6 6. d4 Bg4 7. c3 exd4 8. cxd4 Bxf3 9. Qxf3 Qxd4 10. Rd1 Qe5 11. Bf4 Qxb2 12. Nc3 Bb4 13. Ne2 Qa3 14. Qg4 Kf7 15. e5 Ne7 16. exf6 gxf6 17. Qh5+ Ng6 18. Rd7+ Be7 19. Bxc7 Ke8 20. Rad1 Qc5 21. Qg4 f5 22. Qh5 f4 23. Qg4 Ne5 24. Bxe5 Qxe5 25. Nxf4 Kf7 26. Nd3 Qe6 27. Qh5+ 1-0

[Event "BI-2012-P-00008"]
[Site "LSS email"]
[Date "2012.04.20"]
[Round "?"]
[White "De Wolf, Michiel"]
[Black "Kurpnieks, Vairis"]
[Result "0-1"]
[WhiteElo "1036"]
[BlackElo "2114"]
[PlyCount "46"]
[EventDate "2012.04.22"]
[EventType "tourn (corr)"]
[EventRounds "10"]
[EventCountry "GER"]
[SourceTitle "Telechess CBM 165"]
[Source "ChessBase"]
[SourceDate "2015.03.11"]
[SourceVersion "1"]
[SourceVersionDate "2015.03.11"]
[SourceQuality "1"]

1. e4 c5 2. d4 cxd4 3. c3 g6 4. Nf3 Bg7 5. Bc4 e6 6. Nxd4 Ne7 7. Nb5 d5 8. exd5 a6 9. Qa4 0-0 10. dxe6 Nbc6 11. exf7+ Kh8 12. N5a3 b5 13. Bxb5 axb5 14. Qxa8 Qd3 15. f3 Bh3 16. Qxf8+ Bxf8 17. gxh3 b4 18. cxb4 Nd5 19. Rf1 Nd4 20. Rf2 Nxf3+ 21. Rxf3 Qxf3 22. Nd2 Qe3+ 23. Kd1 Qxh3 0-1

[Event "BI-2012-P-00008"]
[Site "LSS email"]
[Date "2012.04.20"]
[Round "?"]
[White "De Wolf, Michiel"]
[Black "Matugin, Sergei"]
[Result "1/2-1/2"]
[WhiteElo "1036"]
[BlackElo "1998"]
[PlyCount "28"]
[EventDate "2012.04.22"]
[EventType "tourn (corr)"]
[EventRounds "10"]
[EventCountry "GER"]
[SourceTitle "Corr 2015"]
[Source "ChessBase"]
[SourceDate "2015.07.17"]
[SourceVersion "1"]
[SourceVersionDate "2015.07.17"]
[SourceQuality "1"]

1. e4 e5 2. Nc3 Nf6 3. Bc4 Nc6 4. Nf3 Nxe4 5. Nxe4 d5 6. Bd3 dxe4 7. Bxe4 Bd6 8. 0-0 0-0 9. c3 h6 10. d4 exd4 11. cxd4 Bg4 12. h3 Bxf3 13. Bxf3 Nxd4 14. Bxb7 Rb8 1/2-1/2

[Event "BI-2012-P-00008"]
[Site "LSS email"]
[Date "2012.04.20"]
[Round "?"]
[White "De Wolf, Michiel"]
[Black "Ould Ahmed, Samy"]
[Result "0-1"]
[WhiteElo "1036"]
[BlackElo "2113"]
[PlyCount "52"]
[EventDate "2012.04.22"]
[EventType "tourn (corr)"]
[EventRounds "10"]
[EventCountry "GER"]
[SourceTitle "Telechess CBM 165"]
[Source "ChessBase"]
[SourceDate "2015.03.11"]
[SourceVersion "1"]
[SourceVersionDate "2015.03.11"]
[SourceQuality "1"]

1. e4 e5 2. Nc3 Nf6 3. Bc4 Nc6 4. Nf3 Nxe4 5. Nxe4 d5 6. Bd3 dxe4 7. Bxe4 Bd6 8. 0-0 0-0 9. c3 f5 10. Bxc6 bxc6 11. d3 Ba6 12. Re1 Qf6 13. Qb3+ Kh8 14. c4 Rab8 15. Qa4 e4 16. dxe4 fxe4 17. Rxe4 Qg6 18. Ng5 h6 19. Qxa6 hxg5 20. Re1 Qh5 21. h3 g4 22. Qxc6 gxh3 23. g3 Qg4 24. Be3 Bxg3 25. fxg3 Rf6 26. Qxc7 Qf3 0-1